| 000 | 01000nam a22002417a 4500 | ||
|---|---|---|---|
| 999 |
_c3165 _d3165 |
||
| 003 | AR-CdUCM | ||
| 008 | 190306b ||||| |||| 00| 0 spa d | ||
| 040 |
_aMUNICIPALIDAD PROVINCIAL DEL CUSCO _cBIBLIOTECA MUNICIPAL DEL CUSCO |
||
| 041 | _hspa | ||
| 082 |
_a985.612 / _bAN589 |
||
| 100 |
_aAngles Vargas, Víctor _94559 |
||
| 245 | _aMachu Picchu y el camino inca / | ||
| 260 |
_aLima : _bIndustrial Gráfica, _c2002. |
||
| 300 |
_a292 paginas ; _bIlustraciones en color, mapa plegable, _c20 cm. |
||
| 500 | _aMachu Picchu and the inca road | ||
| 505 | _aLa ciudad inca de Machupicchu -- El valle sagrado de los incas y Machupicchu -- El santuario histórico de Machupicchu -- Desarrollo histórico de Machupicchu -- Enigmas de Machupicchu... | ||
| 650 |
_aSantuario Histórico de Machu Picchu _96214 |
||
| 650 |
_aValle sagrado de los incas _96374 |
||
| 650 |
_aLos primeros pobladores _910659 |
||
| 700 |
_aAngles de Paca, Silvia (Traductor) _94563 |
||
| 942 |
_2ddc _cLIBROS |
||
| 945 | _awnts | ||